00714cam a22002411 4500001001300000003000400013005001700017008004100034010001700075035001900092040002500111042001200136050001500148082001300163100003400176245005600210260006000266300003500326500002100361651003900382650003400421999001700455med47001619 DLC20260227111602.0750909s1946 gau 000 0 eng  amed47001619  a(OCoLC)1613264 aDLCcFMUdOCoLCdDLC apremarc00aRA445b.D5 a614.09751 aDickins, Dorothy,d1898-1975.10aWanted: a healthy South,cby Dorothy Dickens [!]... aAtlanta, Ga.,bSouthern regional council, inc.,cc1946. a30 p.billus., diagrs.c23 cm. aOn cover: No. 6. 0aSouthern StatesxSanitary affairs. 0aPublic healthzUnited States. c38348d38348